Kapitálový výnos poisťovne na konkurenčnom trhu

Enregistré dans:
Détails bibliographiques
Auteur principal: Pinda, Ľudovít, 1958-
Autres auteurs: Starečková, Anna
Format: Chapitre de livre
Langue:slovaque
Tags: Ajouter un tag
Pas de tags, Soyez le premier à ajouter un tag!

MARC

LEADER 00000naa$a2200000$$$4500
001 0095877
005 20240502072050.6
041 0 |a slo 
044 |a SK 
245 1 0 |a Kapitálový výnos poisťovne na konkurenčnom trhu  |c Ľudovít Pinda, Anna Starečková 
100 1 |a Pinda, Ľudovít, 1958- 
700 1 |a Starečková, Anna